The reconstruction of belief: Belief in God. Belief in Christ. The Holy Spirit and the church.

Bibliographic Details
Main Author: Gore, Charles, 1853-1932
Format: Book
Language:English
Published: London : J. Murray, [1926]
Edition:New ed.
Subjects:

MARC

Tag First Indicator Second Indicator Subfields
LEADER 00000cam a2200000 4500
001 in00000038233
005 20151007080917.0
008 740618s1926 eng u
035 |a (OCoLC)00920856 
035 |9 AAF5582AM 
040 |c BXM  |d TXA  |d UtOrBLW 
049 |a TXAM  |c [472853] 
090 |a BT1101  |b .G66 1926 
092 |a 239  |b G666r 
100 1 |a Gore, Charles,  |d 1853-1932. 
245 1 4 |a The reconstruction of belief: Belief in God. Belief in Christ. The Holy Spirit and the church. 
250 |a New ed.  |b in one vol. 
264 1 |a London :  |b J. Murray,  |c [1926] 
300 |a 997 pages ;  |c 20 cm. 
336 |a text  |b txt  |2 rdacontent 
337 |a unmediated  |b n  |2 rdamedia 
338 |a volume  |b nc  |2 rdacarrier 
650 0 |a Apologetics  |x History  |y 20th century. 
650 0 |a Philosophy and religion. 
740 0 2 |a Belief in God. 
740 0 2 |a Belief in Christ. 
740 4 2 |a The Holy Spirit and the church. 
999 |a MARS 
999 f f |s ac1b9b9b-ce56-38e4-b838-8e9b853bc6a4  |i a766a487-593a-3925-ac31-e72acc1040a6  |t 0 
952 f f |p ric  |a Texas A&M University  |b Rellis Campus  |c Joint Library Facility  |d Remote Storage  |t 0  |e BT1101 .G66 1926  |h Library of Congress classification  |i unmediated -- volume  |m A14800609348 
998 f f |a BT1101 .G66 1926  |t 0  |l Remote Storage